Teória hier v ekonómii
Niektoré ekonomické situácie môžeme popísať modelmi maticových hier a riešiť ich jednoduchými procedúrami teórie hier. V maticových hrách, ktoré v predkladanej práci uvádzame, uvažujeme s hrami dvoch hráčov proti sebe, alebo jedného hráča proti prírode.
Enregistré dans:
| Auteur principal: | |
|---|---|
| Format: | Chapitre de livre |
| Langue: | slovaque |
| Sujets: | |
| Tags: |
Pas de tags, Soyez le premier à ajouter un tag!
|
MARC
| LEADER | 00000nla$a2200000$$$4500 | ||
|---|---|---|---|
| 001 | 0114300 | ||
| 005 | 20240502072255.9 | ||
| 041 | 0 | |a slo | |
| 044 | |a SK | ||
| 245 | 1 | 0 | |a Teória hier v ekonómii |c Nora Mikušová |
| 520 | |a Niektoré ekonomické situácie môžeme popísať modelmi maticových hier a riešiť ich jednoduchými procedúrami teórie hier. V maticových hrách, ktoré v predkladanej práci uvádzame, uvažujeme s hrami dvoch hráčov proti sebe, alebo jedného hráča proti prírode. | ||
| 610 | 2 | 0 | |a teória hier |
| 610 | 2 | 0 | |a ekonómia |
| 610 | 2 | 0 | |a rozhodovanie viackriteriálne |
| 100 | 1 | |a Mikušová, Nora, 1978- | |